[Event "COL-ch (Women)"]
[Site "Cartagena"]
[Date "2023.06.11"]
[Round "7"]
[White "Mercado Maestre, Maria Angel"]
[Black "Matta, Paola Andrea"]
[Result "1-0"]
[WhiteElo "1399"]
[BlackElo "1911"]
[PlyCount "95"]
[EventDate "2023.06.08"]
[EventType "swiss"]
[EventRounds "9"]
[EventCountry "COL"]
[SourceTitle "CBM 215 Extra"]
[Source "ChessBase"]
[SourceDate "2023.09.30"]
[SourceVersion "1"]
[SourceVersionDate "2023.09.30"]
[SourceQuality "1"]

1. d4 Nf6 2. c4 e6 3. Nc3 Bb4 4. e3 b6 5. Bd3 Bb7 6. f3 c5 7. Nge2 cxd4 8. exd4 0-0 9. 0-0 h6 10. Bf4 d5 11. a3 Bd6 12. Bxd6 Qxd6 13. cxd5 Nxd5 14. Ne4 Qd7 15. Qd2 Nc6 16. b4 Rfd8 17. Rfc1 Nc7 18. Qc3 Rac8 19. Kf1 Nxd4 20. Nxd4 Qxd4 21. Qxd4 Rxd4 22. Rc3 Nd5 23. Rxc8+ Bxc8 24. Bb5 Nc7 25. Rc1 Nxb5 26. Rxc8+ Kh7 27. a4 Na3 28. Rc7 Rxb4 29. Rxa7 Rb1+ 30. Kf2 Rb2+ 31. Kg3 f5 32. Nd6 Kg6 33. Ne8 f4+ 34. Kxf4 Rb4+ 35. Kg3 Nc2 36. Rxg7+ Kf5 37. Rf7+ Ke5 38. Ra7 Rb2 39. f4+ Kf5 40. Nd6+ Kg6 41. Nc4 Rb4 42. Ne5+ Kf5 43. a5 b5 44. Rf7+ Ke4 45. a6 Ne3 46. a7 Ra4 47. Nd7 Ra2 48. Nb6 1-0

[Event "Pan American-ch U20 Girls"]
[Site "Pereira"]
[Date "2022.08.27"]
[Round "8"]
[White "Mercado Maestre, Maria Angel"]
[Black "Carrillo Riano, Karen Sofia"]
[Result "1-0"]
[WhiteElo "1310"]
[BlackElo "1350"]
[PlyCount "89"]
[EventDate "2022.08.23"]
[EventType "swiss"]
[EventRounds "9"]
[EventCountry "COL"]
[SourceTitle "CBM 210 Extra"]
[Source "ChessBase"]
[SourceDate "2022.11.30"]
[SourceVersion "1"]
[SourceVersionDate "2022.11.30"]
[SourceQuality "1"]

1. d4 e6 2. c4 Nf6 3. Nc3 Be7 4. Bg5 0-0 5. e3 d5 6. cxd5 exd5 7. Qc2 c6 8. Bd3 Nbd7 9. Nf3 h6 10. Bf4 Kh8 11. h3 Nh5 12. Bh2 g5 13. g4 Ng7 14. Bg3 Ne8 15. h4 gxh4 16. Nxh4 Ndf6 17. Bf5 Ng7 18. Bxc8 Rxc8 19. g5 Nd7 20. gxh6 Ne8 21. Nf5 Rg8 22. h7 Rg6 23. Nh6 Rg7 24. Qf5 f6 25. Qe6 Nd6 26. Bxd6 Bxd6 27. Qxd6 Qe8 28. Nf5 Rg5 29. Ng3 Rd8 30. Qf4 Qg6 31. Kd2 c5 32. Nb5 cxd4 33. Nxd4 Nc5 34. Ngf5 Rg2 35. Rh6 Ne4+ 36. Ke1 Qe8 37. Rd1 Qa4 38. b3 Qa5+ 39. Kf1 Rxf2+ 40. Qxf2 Nxf2 41. Kxf2 Qxa2+ 42. Kf3 Qa6 43. Rg1 Qd3 44. Rh4 Re8 45. Rhg4 1-0

[Event "COL-ch U16"]
[Site "Bogota"]
[Date "2021.03.26"]
[Round "4"]
[White "Diaz Larrea, Juan Manuel"]
[Black "Mercado Maestre, Maria Angel"]
[Result "1-0"]
[WhiteElo "1583"]
[BlackElo "1282"]
[PlyCount "80"]
[EventDate "2021.03.24"]
[EventType "swiss"]
[EventRounds "7"]
[EventCountry "COL"]
[SourceTitle "EXT 2022"]
[Source "ChessBase"]
[SourceDate "2021.10.06"]
[SourceVersion "1"]
[SourceVersionDate "2021.10.06"]
[SourceQuality "1"]

1. e4 c5 2. Nc3 g6 3. f4 Bg7 4. Nf3 Nc6 5. Bc4 e6 6. d3 Nge7 7. 0-0 d5 8. Bb3 0-0 9. Qe1 Na5 10. Qh4 Nxb3 11. axb3 Nc6 12. Qf2 b6 13. e5 Bb7 14. Nb5 Qe7 15. Nd6 f6 16. Qh4 Qd7 17. Qh3 Bc8 18. Nxc8 Raxc8 19. exf6 Bxf6 20. Re1 Rfe8 21. Ng5 Bxg5 22. fxg5 Nd4 23. c3 Nc2 24. Bf4 Nxa1 25. Rxa1 Re7 26. Be5 Rf7 27. Bf6 Re8 28. Re1 Qc6 29. Re3 c4 30. bxc4 dxc4 31. d4 b5 32. Qh6 Qa6 33. h4 Qa1+ 34. Kh2 Qf1 35. Rf3 Qe1 36. Be5 Rd7 37. h5 Qe4 38. Rf4 Qd3 39. Rf6 Qe4 40. hxg6 Rg7 1-0

[Event "COL-ch U16"]
[Site "Bogota"]
[Date "2021.03.25"]
[Round "2"]
[White "Lopez Rayo, Isabella"]
[Black "Mercado Maestre, Maria Angel"]
[Result "1-0"]
[WhiteElo "1738"]
[BlackElo "1282"]
[PlyCount "83"]
[EventDate "2021.03.24"]
[EventType "swiss"]
[EventRounds "7"]
[EventCountry "COL"]
[SourceTitle "EXT 2022"]
[Source "ChessBase"]
[SourceDate "2021.10.06"]
[SourceVersion "1"]
[SourceVersionDate "2021.10.06"]
[SourceQuality "1"]

1. e4 e5 2. Nf3 Nc6 3. d4 exd4 4. Nxd4 Qf6 5. Nb5 Bc5 6. Qe2 Kd8 7. N1c3 Nge7 8. f4 d6 9. Na4 Bb4+ 10. c3 Ba5 11. e5 Qg6 12. b4 a6 13. Na3 b5 14. bxa5 bxa4 15. Nc4 Bg4 16. Qd3 Qxd3 17. Bxd3 d5 18. Ne3 Bd7 19. Ba3 Be6 20. 0-0 g6 21. Rfd1 Nxa5 22. c4 c6 23. Bc2 Nf5 24. Nxf5 gxf5 25. cxd5 Bxd5 26. Bxa4 Kc7 27. Bd6+ Kd7 28. Bb4 Nb7 29. Rxd5+ Kc7 30. Rdd1 Rhg8 31. Bd6+ Kb6 32. Rab1+ Ka7 33. Bxc6 Nxd6 34. Bxa8 Rxa8 35. Rxd6 Rc8 36. Rd7+ Ka8 37. Rxf7 h5 38. e6 h4 39. e7 h3 40. Rf8 Rb8 41. Rfxb8+ Ka7 42. R1b7# 1-0

[Event "Antioquia op"]
[Site "Antioquia"]
[Date "2020.03.04"]
[Round "3"]
[White "Mercado Maestre, Maria Angel"]
[Black "Guarin Fonseca, Nobel Alfredo"]
[Result "0-1"]
[WhiteElo "1313"]
[BlackElo "1713"]
[PlyCount "66"]
[EventDate "2020.03.03"]
[EventType "swiss"]
[EventRounds "9"]
[EventCountry "COL"]
[SourceTitle "CBM 195 Extra"]
[Source "ChessBase"]
[SourceDate "2020.05.31"]
[SourceVersion "1"]
[SourceVersionDate "2020.05.31"]
[SourceQuality "1"]

1. d4 d5 2. c4 dxc4 3. e4 c5 4. Nf3 cxd4 5. Qxd4 Qxd4 6. Nxd4 a6 7. Bxc4 e5 8. Nf3 Nc6 9. a3 Bc5 10. Nc3 Nf6 11. 0-0 Bg4 12. Ng5 0-0 13. h3 Bh5 14. g4 Bg6 15. Bd3 Nd4 16. Be3 h6 17. Bxd4 exd4 18. Na4 Ba7 19. Nf3 b5 20. Nd2 bxa4 21. Rfe1 Nd5 22. Bxa6 Nf4 23. Bf1 Rab8 24. Rab1 Rfc8 25. Nc4 d3 26. Ne5 Rc2 27. Nxd3 Nxd3 28. Bxd3 Rxf2 29. Kh1 Rb3 30. Bf1 Bb8 31. Bg2 Rg3 32. Rg1 Bxe4 33. Bxe4 Rxh3# 0-1

[Event "COL-ch U20 Girls"]
[Site "Tolima"]
[Date "2020.02.14"]
[Round "5"]
[White "Carrillo Riano, Karen Sofia"]
[Black "Mercado Maestre, Maria Angel"]
[Result "0-1"]
[WhiteElo "1284"]
[BlackElo "1276"]
[PlyCount "60"]
[EventDate "2020.02.12"]
[EventType "swiss"]
[EventRounds "7"]
[EventCountry "COL"]
[SourceTitle "CBM 195 Extra"]
[Source "ChessBase"]
[SourceDate "2020.05.31"]
[SourceVersion "1"]
[SourceVersionDate "2020.05.31"]
[SourceQuality "1"]

1. e4 e5 2. Nf3 Nc6 3. Bc4 Bc5 4. c3 Nf6 5. d3 a5 6. 0-0 d6 7. Nbd2 0-0 8. h3 Be6 9. Bb5 Ne7 10. Re1 c6 11. Ba4 Ng6 12. Nf1 Nh5 13. Bb3 Nhf4 14. Bxe6 Nxe6 15. Be3 Bxe3 16. fxe3 Qb6 17. Qd2 f5 18. Ng3 fxe4 19. Nxe4 d5 20. Ng3 Rf7 21. Rf1 Raf8 22. Kh1 Qc7 23. Nh2 e4 24. Rxf7 Rxf7 25. Ne2 Nc5 26. d4 Nd3 27. Rf1 Rxf1+ 28. Nxf1 Qf7 29. Nfg3 Qf2 30. Qd1 Ne1 0-1